00776nam a2200193Ia 4500003000900000008004100009020001800050040001600068080001200084245018600096260004200282300001700324650001800341650004100359700002800400942000700428999001500435952013200450IN-BaIIA211028s9999 xx 000 0 eng d a90-277-2423-7 cIIA Library a52bEXE 0aExercises in astronomybrevised and extended edition of "Practical Work In Elementary Astronomy" by M. G. J. Minnaertcedited by J.Kleczek  aDordrechtbD. Reidel Publishingc1987 axxiii, 339p. aAstronomy980 aAstronomy and astrophysics thesaurus aKleczek, J., ed.915528 cBK c9243d9243 00104070aBANbBANcGENd0000-00-00g1050.00l1o52/ EXEp10150r2024-10-28s2024-10-22v1050.00w0000-00-00yBKGRs. 1050.00